Lane-Precise Localization with Production Vehicle Sensors and Application to Augmented Reality Navigation (Record no. 21786)

MARC details
000 -LEADER
fixed length control field 00558nam a2200133Ia 4500
008 - FIXED-LENGTH DATA ELEMENTS--GENERAL INFORMATION
fixed length control field 220620s9999||||xx |||||||||||||| ||und||
022 ## - INTERNATIONAL STANDARD SERIAL NUMBER
International Standard Serial Number 16134214
100 ## - MAIN ENTRY--PERSONAL NAME
Personal name Rabe, Johannes
245 #0 - TITLE STATEMENT
Title Lane-Precise Localization with Production Vehicle Sensors and Application to Augmented Reality Navigation
546 ## - LANGUAGE NOTE
Language note English[eng]
650 ## - SUBJECT ADDED ENTRY--TOPICAL TERM
Topical term or geographic name entry element localization augmented Reality navigation route guidance particle filter||Lokalisierung Erweiterte Realität Navigation Routenführung Partikelfilter
856 ## - ELECTRONIC LOCATION AND ACCESS
Uniform Resource Identifier <a href="https://www.ksp.kit.edu/9783731508540">https://www.ksp.kit.edu/9783731508540</a>
942 ## - ADDED ENTRY ELEMENTS (KOHA)
Koha item type E-Books
Holdings
Withdrawn status Lost status Damaged status Not for loan Home library Current library Date acquired Total Checkouts Date last seen Price effective from Koha item type
        Kerala University of Digital Sciences, Innovation and Technology Knowledge Centre Kerala University of Digital Sciences, Innovation and Technology Knowledge Centre 20/06/2022   20/06/2022 20/06/2022 E-Books